Načítá se...

Text and practice: Essays on South Asian History

Podrobná bibliografie
Hlavní autor: Inden Ronald
Médium: Printed Book
Vydáno: New Delhi Oxford University Press 2006
Témata:
LEADER 00619nam a22001811a 4500
020 |a 9780195668957  |c 0.00 
040 |a SSUS - Library - Kalady 
082 |a 954  |b IND/T 
100 |a Inden Ronald 
245 |a Text and practice: Essays on South Asian History  |h [Text] 
260 |a New Delhi  |b Oxford University Press  |c 2006 
300 |a 372p. 
600 |a History 
600 |a History India 
852 |h 954  |i IND/T  |p 052874  |9 695.00  |t 0 
942 |c BK 
999 |c 46450  |d 46450 
952 |0 0  |1 0  |4 0  |6 954_000000000000000_IND_T  |7 0  |9 67142  |a SSUS  |b SSUS  |d 2015-01-08  |g 695.00  |l 6  |o 954 IND/T  |p 052874  |r 2020-07-22  |s 2020-06-22  |v 0.00  |w 2015-01-08  |y BK